000 00464nam a2200193Ia 4500
005 20240823030900.0
008 240823s9999||||xx |||||||||||||| ||und||
041 _aENGLISH
082 _A621.3 N3
100 _aTheraja B L
245 2 _aA Text book on Electrical Technology
250 _a21st
260 _c1993
_b"Nirja,New Delhi"
500 _aTRANSFERED
650 _aElectrical
_bElectrical
700 _a Theraja A K
942 _cBK
999 _c189751
_d189751